Ο μικρός Νικόλας διασκεδάζει

Saved in:
Bibliographic Details
Main Author: Sempe 1932-
Other Authors: Goscinny 1926-1977
Format: Book
Language:Greek
Published: Αθήνα : Τεκμήριο, 1978
Series:Οι περιπέτειες του μικρού Νικόλα = 1978 ; ; 2
Subjects:
Tags: Add Tag
No Tags, Be the first to tag this record!

MARC

LEADER 00000nam a2200000 i 4500
001 1/20028
008 930924s1978 gre d
035 |a 1989  |b 2  |c Δωρεά  |l 10035931 
040 |a GR-MY-UA  |b gre  |e aacr 
041 0 |a gre 
082 0 |a 808.0683 
100 1 |a Sempe  |d 1932- 
245 1 2 |a Ο μικρός Νικόλας διασκεδάζει /  |c Sempé , Goscinny ; μετάφραση Νίκος Δαμιανίδης 
260 |a Αθήνα :   |b Τεκμήριο,   |c 1978 
300 |a 106 σ. 
490 1 |a Οι περιπέτειες του μικρού Νικόλα  |v ; 2 
650 0 0 |a Children's stories, French  |z Greece. 
650 0 0 |a Children's literature, French  |z Greece. 
700 1 |a Goscinny  |d 1926-1977. 
830 0 |a Οι περιπέτειες του μικρού Νικόλα = 1978 ;  |v ; 2 
852 |a INST  |b RHODES  |e 19930924  |h 808.0683 SEM  |p 005400003107  |q 005400003107  |t BK  |y 0 
909 |a Ρ  |b 014877  |c 1989